| 000 | 01401nam0a22003131 4500 | ||
|---|---|---|---|
| 001 | rc\3709875 | ||
| 005 | 20250610063331.0 | ||
| 035 | _a(NLR Aleph) 007767847 | ||
| 090 |
_a7436026 _c7436026 |
||
| 100 | _a20130115d1972 |||y0rusy50 ca | ||
| 101 | 0 | _arus | |
| 102 | _aRU | ||
| 105 | _ay z ||||| | ||
| 200 | 1 |
_aСборник задач по советскому уголовному праву _fПод ред. доцентов П.Ф. Гришанина и Ю.И. Ляпунова _gВысш. школа МВД СССР. Науч.-исслед. и ред.-изд. отд. |
|
| 210 |
_aМосква _cБ. и. _d1972 |
||
| 215 |
_a92 с. _d22 |
||
| 300 | _aНа обороте тит. л.: принимали участие профессора Владимиров В.А., Ефимов М.А., Кириченко В.Ф. [и др.] | ||
| 333 | _aДля служебного пользования. Экз. № 6069 | ||
| 702 | 1 |
_aВладимиров _bВ.А. _4570 |
|
| 702 | 1 |
_4570 _7ca _8rus _aЕфимов _bМ. А. _cд-р юрид. наук _f1925-2001 _gМихаил Артемьевич _9256398 _3RU\NLR\AUTH\770256454 |
|
| 702 | 1 |
_aКириченко _bВ.Ф. _4570 |
|
| 702 | 1 |
_aЛяпунов _bЮ.И. _4340 |
|
| 702 | 1 |
_aГришанин _bП.Ф. _4340 |
|
| 801 | 0 |
_aRU _bNLR _gpsbo |
|
| 801 | 1 |
_aRU _bELAR _2rusmarc |
|
| 852 |
_aNLR _j72-50к/5530 |
||
| 942 | _cBOOK | ||
| 980 | _aNB | ||